000
00302nam a22001337a 4500
008
181009b xxu||||| |||| 00| 0 eng d
020
_a
9780323065818
041
_a
eng
080
_2
8th
_a
610.73
100
_a
2
101
_a
INF
245
_a
Medical-Surgical Nursing
_c
Lewis,Sh.L
942
_2
udc
_c
BK
999
_c
49107
_d
49107